LDR 00911naa#a2200181#i#450# 001 EN\\bibl\19984 005 20260701165153.3 100 ## _a20260630b2026####ek#y0engy0150####ca 102 ## _aRU 200 1# _aPATTERN RECOGNITION MODELS AS A THEORETICAL BASIS FOR TECHNICAL VISION SYSTEMS IN AUTOMATED CONTROL _eConference article/thesis 210 1# _aVoronezh _cFSBE Institution of Higher Education Voronezh State University of Forestry and Technologies named after G.F. Morozov _d2026 215 ## _a5 с. 608 ## _aConference article/thesis _2local 675 ## _aРазрежение воздуха и газов. Вакуумная техника. Воздушные насосы. Вакуумные насосы. 621.52 _aРаспознавание и преобразование образов. 004.93 _z 700 #1 _aNovikova _gTat'yana Petrovna 700 #1 _aTeppoev _gA. V. 700 #1 _aNovikov _gA. I. 856 4# _abibl.vgltu.ru _u